|
|
|
|
| LEADER |
00000nab a22000001a 4500 |
| 001 |
vtls008998529 |
| 003 |
SK-MaSNL |
| 005 |
20260304000833.0 |
| 008 |
070613d19330129xo |r|p|||| |000 b|slo |
| 015 |
|
|
|a SNBRRBVU1918-1938
|
| 038 |
|
|
|a SNKBUCL
|
| 038 |
|
|
|a SNKBUVU
|
| 040 |
|
|
|a SNKBUVU
|b slo
|c SNKBUCL
|e AACR2
|
| 041 |
0 |
|
|a slo
|
| 044 |
|
|
|a xo
|c SK
|
| 080 |
|
|
|a 75.071.1:061.4
|2 1997
|
| 080 |
|
|
|a 929 Dobrev, Dobri
|2 1997
|
| 245 |
0 |
0 |
|a Chvíľu s Dobrevom
|b (k jeho výstave v Košiciach)
|
| 600 |
1 |
7 |
|a Dobrev, Dobri
|d 1898-1973
|2 MM
|9 102902
|
| 610 |
2 |
7 |
|a Východoslovenské múzeum
|2 snkbucl
|9 29561
|
| 648 |
|
7 |
|a 1933
|2 MM
|9 299118
|
| 650 |
0 |
7 |
|a bulharské maliarstvo
|2 MM
|9 93070
|
| 650 |
0 |
7 |
|a výstavy
|2 snkbucl
|9 2780
|
| 651 |
|
7 |
|a Košice (Slovensko)
|2 MM
|9 18694
|
| 773 |
0 |
|
|t Slovenský východ
|g Roč. 15, č. 20 (25.1.1933), s. 2
|
| 852 |
|
|
|a SNK
|b KIS3GCP
|
| 910 |
|
|
|a snkrbvumm
|
| 958 |
|
|
|a VY
|
| 958 |
|
|
|a BC
|
| 958 |
|
|
|a BG
|
| 999 |
|
|
|c 2533332
|d 2535262
|